|
|
|
|
| LEADER |
01453nam a2200385 a 4500 |
| 001 |
EBC1135257 |
| 003 |
MiAaPQ |
| 005 |
20200520144314.0 |
| 006 |
m o d | |
| 007 |
cr cn||||||||| |
| 008 |
091127s2008 sg sb 000 0 eng d |
| 020 |
|
|
|z 9782869782280
|
| 020 |
|
|
|z 9782869782877
|
| 035 |
|
|
|a (MiAaPQ)EBC1135257
|
| 035 |
|
|
|a (Au-PeEL)EBL1135257
|
| 035 |
|
|
|a (CaPaEBR)ebr10333826
|
| 035 |
|
|
|a (CaONFJC)MIL290157
|
| 035 |
|
|
|a (OCoLC)741350897
|
| 040 |
|
|
|a MiAaPQ
|c MiAaPQ
|d MiAaPQ
|
| 043 |
|
|
|a f------
|
| 050 |
|
4 |
|a HD4339
|b .O23 2008
|
| 100 |
1 |
|
|a Obadan, Michael I.
|
| 245 |
1 |
0 |
|a Economic and social impact of privatisation of state-owned enterprises in Africa
|h [electronic resource] /
|c Mike I. Obadan.
|
| 260 |
|
|
|a Dakar, Senegal :
|b Council for the Development of Social Science Research in Africa,
|c 2008.
|
| 300 |
|
|
|a 80 p.
|
| 490 |
1 |
|
|a Codesria green book series
|
| 504 |
|
|
|a Includes bibliographical references (p. [72]-80).
|
| 533 |
|
|
|a Electronic reproduction. Ann Arbor, MI : ProQuest, 2015. Available via World Wide Web. Access may be limited to ProQuest affiliated libraries.
|
| 650 |
|
0 |
|a Privatization
|z Africa.
|
| 650 |
|
0 |
|a Corporations, Government
|z Africa.
|
| 651 |
|
0 |
|a Africa
|x Economic policy.
|
| 655 |
|
4 |
|a Electronic books.
|
| 710 |
2 |
|
|a ProQuest (Firm)
|
| 830 |
|
0 |
|a Green book (Codesria)
|
| 856 |
4 |
0 |
|u https://ebookcentral.proquest.com/lib/matrademy/detail.action?docID=1135257
|z Click to View
|